<?xml version="1.0" encoding="UTF-8"?>
<collection xmlns="http://www.loc.gov/MARC21/slim">
  <record>
    <leader>00000nam  2200000   4500</leader>
    <controlfield tag="001">INLIS000000000014733</controlfield>
    <controlfield tag="005">20221018091311</controlfield>
    <datafield tag="035" ind1="#" ind2="#">
      <subfield code="a">0010-1022000056</subfield>
    </datafield>
    <datafield tag="245" ind1="1" ind2="#">
      <subfield code="a">Pembuatan Perangkat Pembelajaran Metode Blended Learning Mata Kuliah Pengantar Kecerdasan Buatan di Program Studi Informatika Institut Teknologi Kalimantan /</subfield>
      <subfield code="c">Rizky Amelia, S.Si., M.Han.</subfield>
    </datafield>
    <datafield tag="100" ind1="1" ind2="#">
      <subfield code="a">AMELIA, Rizky</subfield>
    </datafield>
    <datafield tag="250" ind1="#" ind2="#">
      <subfield code="a">1</subfield>
    </datafield>
    <datafield tag="300" ind1="#" ind2="#">
      <subfield code="a">38 halaman :</subfield>
      <subfield code="b">ilustrasi ;</subfield>
      <subfield code="c">30 cm</subfield>
    </datafield>
    <datafield tag="260" ind1="#" ind2="#">
      <subfield code="a">Samarinda :</subfield>
      <subfield code="b">Puslatbang KDOD,</subfield>
      <subfield code="c">2022</subfield>
    </datafield>
    <datafield tag="084" ind1="#" ind2="#">
      <subfield code="a">LATSAR 818 2022</subfield>
    </datafield>
    <datafield tag="650" ind1="#" ind2="4">
      <subfield code="a">Pelatihan Dasar</subfield>
    </datafield>
    <datafield tag="650" ind1="#" ind2="4">
      <subfield code="a">Laporan Aktualisasi</subfield>
    </datafield>
    <datafield tag="650" ind1="#" ind2="4">
      <subfield code="a">Prajabatan</subfield>
    </datafield>
    <datafield tag="650" ind1="#" ind2="4">
      <subfield code="a">media pembelajaran</subfield>
    </datafield>
    <datafield tag="650" ind1="#" ind2="4">
      <subfield code="a">inovasi pembelajaran</subfield>
    </datafield>
    <datafield tag="650" ind1="#" ind2="4">
      <subfield code="a">manajemen database</subfield>
    </datafield>
    <datafield tag="650" ind1="#" ind2="4">
      <subfield code="a">teknologi informasi</subfield>
    </datafield>
    <datafield tag="650" ind1="#" ind2="4">
      <subfield code="a">perguruan tinggi</subfield>
    </datafield>
    <datafield tag="650" ind1="#" ind2="4">
      <subfield code="a">rencana pembelajaran</subfield>
    </datafield>
    <datafield tag="520" ind1="#" ind2="#">
      <subfield code="a">Laporan Aktualisasi Pelatihan Dasar ini menjelaskan belum optimalnya Capaian Pembelajaran Mata Kuliah (CPMK) akibat ketidaksiapan mahasiswa dalam menerima perkuliahan metode Blended Learning pada mata kuliah Pengantar Kecerdasan Buatan di Program Studi Informatika, sehingga dibuat 5 kegiatan berdasarkan nilai BerAKHLAK (Berorientasi pelayanan, Akuntabel, Kompeten, Harmonis, Loyal, Adaptif, Kolaboratif), yaitu : mengumpulkan file silabus dan RPS mata kuliah Pengantar Kecerdasan Buatan, konsultasi dengan Koordinator Program Studi (mentor) dan Koordinator Rumpun Mata Kuliah (RMK), mengelompokkan CPMK dan Sub CPMK mata kuliah, membuat video pembelajaran, dan finalisasi perangkat pembelajaran blended learning. Kegiatan ini dilaksanakan dari tanggal 6 Juni 2022-13 Agustus 2022.</subfield>
    </datafield>
    <datafield tag="500" ind1="#" ind2="#">
      <subfield code="a">Coach : Rokip Purnomo,S.E.&#13;
Penguji : Windra Mariani, SH.,MH&#13;
Mentor : Nisa Rizqiya Fadhliana, S.Kom., M.T</subfield>
    </datafield>
    <datafield tag="990" ind1="#" ind2="#">
      <subfield code="a">LATSAR/918/2022</subfield>
    </datafield>
  </record>
</collection>
